[Event "España ch Sub-16 2008"]
[Site "Padron ESP"]
[Date "2008.07.23"]
[Round "7.24"]
[White "Aranaz Murillo, Amalia"]
[Black "Subirats Ruiz, Sergi"]
[Result "0-1"]
[PlyCount "96"]
[EventDate "2008.07.20"]
[EventType "swiss"]
[EventRounds "9"]
[EventCountry "ESP"]
[Source "lmi"]
[SourceDate "2008.07.20"]
[WhiteElo "1959"]
[BlackElo "2054"]

1. Nf3 Nf6 2. c4 g6 3. Nc3 d5 4. Qa4+ Bd7 5. Qb3 Bc6 6. e3 e6 7. Ne5 dxc4 8.
Nxc6 cxb3 9. Nxd8 Kxd8 10. axb3 Nc6 11. d4 Nb4 12. Ke2 Nd7 13. Ne4 f5 14. Ng5
Ke7 15. Bd2 Kf6 16. Nf3 Nd5 17. g3 Bb4 18. Bg2 a5 19. Rhc1 c6 20. Ne1 Bxd2 21.
Kxd2 Ra6 22. Nd3 Rha8 23. Ra3 g5 24. h3 Nb4 25. Nc5 Nxc5 26. Rxc5 h6 27. Bf3
Ke7 28. Be2 b5 29. Bf3 Kd6 30. Rc1 Kc7 31. Kc3 Rd8 32. Raa1 e5 33. Rd1 e4 34.
Be2 Kb6 35. h4 gxh4 36. gxh4 Rg8 37. Rg1 Raa8 38. Bh5 Rac8 39. Bf7 Rgf8 40. Be6
Rce8 41. Rg6 f4 42. d5 fxe3 43. fxe3 Kc5 44. Kd2 Rf2+ 45. Ke1 Nd3+ 46. Kd1 Rf1+
47. Kd2 Rxa1 48. dxc6 Rf8 0-1

[Event "España ch Sub-16 2008"]
[Site "Padron ESP"]
[Date "2008.07.23"]
[Round "7.25"]
[White "Suarez Calvo, Alexandra"]
[Black "Gutierrez Valero, Mario"]
[Result "0-1"]
[PlyCount "62"]
[EventDate "2008.07.20"]
[EventType "swiss"]
[EventRounds "9"]
[EventCountry "ESP"]
[Source "lmi"]
[SourceDate "2008.07.20"]
[WhiteElo "2037"]
[BlackElo "1945"]

1. e4 c5 2. Nf3 Nc6 3. d4 cxd4 4. Nxd4 Nf6 5. Nc3 e5 6. Ndb5 d6 7. Nd5 Nxd5 8.
exd5 Nb8 9. c4 Be7 10. Bd3 O-O 11. O-O a6 12. Nc3 f5 13. f3 Nd7 14. Kh1 Bg5 15.
b4 a5 16. a3 axb4 17. Bxg5 Qxg5 18. axb4 Rxa1 19. Qxa1 Qe3 20. Rd1 e4 21. fxe4
Ne5 22. Be2 fxe4 23. Qc1 Qf2 24. Rf1 Qd4 25. Rxf8+ Kxf8 26. Qf4+ Nf7 27. Nxe4
g5 28. Qf3 Ke7 29. Qd3 Qb2 30. h3 Bf5 31. Kh2 Qe5+ 0-1

[Event "España ch Sub-16 2008"]
[Site "Padron ESP"]
[Date "2008.07.23"]
[Round "7.26"]
[White "Villar Perez, Samuel"]
[Black "Tejedor Ariza, Francisco"]
[Result "1-0"]
[PlyCount "89"]
[EventDate "2008.07.20"]
[EventType "swiss"]
[EventRounds "9"]
[EventCountry "ESP"]
[Source "lmi"]
[SourceDate "2008.07.20"]
[WhiteElo "1937"]
[BlackElo "2010"]

1. d4 d5 2. Nf3 Nf6 3. c4 c6 4. Nc3 e6 5. e3 Bd6 6. Bd3 dxc4 7. Bxc4 O-O 8. O-O
Nbd7 9. e4 e5 10. Bg5 Qe7 11. d5 Nb6 12. Bb3 h6 13. Bh4 Bg4 14. Qd3 Bxf3 15.
Qxf3 g5 16. Bg3 cxd5 17. exd5 Nfd7 18. Bc2 Qf6 19. Qd3 Qg7 20. Qf5 Rae8 21. h4
Nf6 22. Rad1 a6 23. Rfe1 Nh5 24. Ne4 Bb4 25. Re2 f6 26. a3 Be7 27. hxg5 hxg5
28. Qe6+ Qf7 29. Qxb6 f5 30. d6 Bd8 31. Qe3 f4 32. Qf3 Qg6 33. Nf6+ Qxf6 34.
Qxh5 Rf7 35. Bh2 Kg7 36. Qh7+ Kf8 37. Qg6 Qh8 38. g4 Rg7 39. Qe4 Re6 40. f3
Bb6+ 41. Kh1 Qh6 42. d7 Rd6 43. Qxe5 Rgxd7 44. Qe8+ Kg7 45. Re7+ 1-0

[Event "España ch Sub-16 2008"]
[Site "Padron ESP"]
[Date "2008.07.23"]
[Round "7.27"]
[White "Lopez Quevedo, Eduardo"]
[Black "Eguia Cambero, Ignacio"]
[Result "1-0"]
[PlyCount "85"]
[EventDate "2008.07.20"]
[EventType "swiss"]
[EventRounds "9"]
[EventCountry "ESP"]
[Source "lmi"]
[SourceDate "2008.07.20"]
[WhiteElo "1998"]
[BlackElo "1915"]

1. Nc3 d5 2. d4 Bf5 3. f3 Nf6 4. Bg5 h6 5. Bxf6 exf6 6. e4 dxe4 7. fxe4 Bg6 8.
Bd3 a6 9. Nf3 Nc6 10. Qd2 Be7 11. Qf2 O-O 12. a3 Re8 13. O-O Bh5 14. Ne2 Bd6
15. Rae1 Qd7 16. c3 Rad8 17. Ng3 Bxg3 18. Qxg3 Qd6 19. Qh3 Bg6 20. Nh4 Bh7 21.
Nf5 Bxf5 22. Rxf5 Ne7 23. Rf3 Qb6 24. b4 Qc6 25. Bb1 Qa4 26. Ref1 Rf8 27. Qg3
Kh8 28. e5 f5 29. Qh4 Rde8 30. g4 Qb3 31. gxf5 Rg8 32. Rg3 Qd5 33. Be4 Qc4 34.
Bd3 Qd5 35. f6 Ng6 36. Bxg6 fxg6 37. f7 Rgf8 38. fxe8=Q Rxe8 39. Rxg6 Kh7 40.
Rg2 Qe6 41. Qg4 Qg8 42. Qg6+ Kh8 43. Rf7 1-0

[Event "España ch Sub-16 2008"]
[Site "Padron ESP"]
[Date "2008.07.23"]
[Round "7.28"]
[White "Beltran De Heredia E., Miguel"]
[Black "De La Cruz Revilla, Miguel"]
[Result "1/2-1/2"]
[PlyCount "89"]
[EventDate "2008.07.20"]
[EventType "swiss"]
[EventRounds "9"]
[EventCountry "ESP"]
[Source "lmi"]
[SourceDate "2008.07.20"]
[WhiteElo "1993"]
[BlackElo "1855"]

1. e4 c5 2. Nf3 Nc6 3. d4 cxd4 4. Nxd4 e5 5. Nb5 a6 6. Nd6+ Bxd6 7. Qxd6 Qf6 8.
Qxf6 Nxf6 9. Nc3 Nb4 10. Bd3 d5 11. exd5 Nfxd5 12. Nxd5 Nxd5 13. O-O O-O 14.
Re1 f6 15. Bd2 g6 16. Rad1 Kg7 17. Be4 Ne7 18. Bb4 Rf7 19. Rd8 Nc6 20. Bxc6
bxc6 21. f4 Rd7 22. Rxd7+ Bxd7 23. fxe5 fxe5 24. Rxe5 Re8 25. Rxe8 Bxe8 26. Kf2
Kf6 27. Ke3 Ke5 28. c4 Bf7 29. Bc3+ Kd6 30. Kd4 Be6 31. Bb4+ Kc7 32. b3 Bf5 33.
Bf8 h5 34. b4 Kb7 35. Bd6 Bb1 36. a4 Bc2 37. a5 Bf5 38. Kc5 Bc2 39. b5 cxb5 40.
cxb5 axb5 41. Kxb5 Be4 42. a6+ Ka8 43. g3 Bd3+ 44. Kb6 Bf5 45. h4 1/2-1/2

[Event "España ch Sub-16 2008"]
[Site "Padron ESP"]
[Date "2008.07.23"]
[Round "7.29"]
[White "Otero Nogueira, Brais"]
[Black "Gimenez Menchon, Cesar"]
[Result "0-1"]
[PlyCount "82"]
[EventDate "2008.07.20"]
[EventType "swiss"]
[EventRounds "9"]
[EventCountry "ESP"]
[Source "lmi"]
[SourceDate "2008.07.20"]
[WhiteElo "1917"]
[BlackElo "1987"]

1. e4 e5 2. Nf3 Nf6 3. Nxe5 Nxe4 4. Qe2 Qe7 5. Qxe4 d6 6. d4 dxe5 7. Qxe5 Qxe5+
8. dxe5 Nc6 9. Bf4 Bf5 10. Nc3 O-O-O 11. Bc4 Rd4 12. Bxf7 Rxf4 13. O-O Nxe5 14.
Bb3 Bc5 15. Nd5 Rd4 16. Rfe1 Re8 17. Kh1 c6 18. Ne3 Bg6 19. Re2 Red8 20. Rae1
Re4 21. h3 Bxe3 22. Rxe3 Rxe3 23. Rxe3 Re8 24. f4 Nd7 25. Rf3 Be4 26. Rf2 Nf6
27. Kh2 Bd5 28. Bxd5 Nxd5 29. g4 Re1 30. f5 Kd7 31. Kg3 Rb1 32. c3 Ra1 33. a3
Kd6 34. h4 Rc1 35. Rd2 Ke5 36. Re2+ Kf6 37. Re6+ Kf7 38. Rd6 Nf6 39. Kf3 Ke7
40. Re6+ Kd7 41. g5 Rf1+ 0-1

[Event "España ch Sub-16 2008"]
[Site "Padron ESP"]
[Date "2008.07.23"]
[Round "7.30"]
[White "Picazo Lopez, Ignacio"]
[Black "Sevilla Subiza, Javier"]
[Result "1/2-1/2"]
[PlyCount "129"]
[EventDate "2008.07.20"]
[EventType "swiss"]
[EventRounds "9"]
[EventCountry "ESP"]
[Source "lmi"]
[SourceDate "2008.07.20"]
[WhiteElo "1973"]
[BlackElo "1830"]

1. d4 d5 2. Nf3 Nf6 3. Bg5 h6 4. Bxf6 exf6 5. e3 Bd6 6. c4 c6 7. Nc3 Bb4 8. Qb3
Qa5 9. Rc1 O-O 10. a3 Bxc3+ 11. Rxc3 dxc4 12. Bxc4 Nd7 13. O-O Nb6 14. Bd3 Be6
15. Qd1 Na4 16. Rc2 Qh5 17. Nd2 Qxd1 18. Rxd1 Nb6 19. Rdc1 f5 20. b4 a6 21. Nc4
Bxc4 22. Bxc4 Nxc4 23. Rxc4 Rfd8 24. Rc5 f4 25. a4 fxe3 26. fxe3 Re8 27. Kf2
Re6 28. b5 axb5 29. axb5 cxb5 30. R1c2 Rb6 31. Rb2 b4 32. Ke2 Ra1 33. Kd3 Ra3+
34. Kd2 Rg6 35. g3 Rf6 36. Ke2 Rb6 37. d5 f5 38. Kd2 g5 39. Rc4 Ra5 40. Rd4 Rd6
41. Rbxb4 Raxd5 42. Rxb7 Rxd4+ 43. exd4 Rxd4+ 44. Ke3 Rd6 45. Rb5 Rf6 46. h4
Kf7 47. Kf3 Kg6 48. Rb4 Kh5 49. hxg5 hxg5 50. Rb5 Kg6 51. Ra5 Rb6 52. Ra3 Kf6
53. Rc3 Re6 54. Rc4 Ra6 55. Rc3 Ra5 56. g4 fxg4+ 57. Kxg4 Ra4+ 58. Kg3 Ra5 59.
Kg4 Ra4+ 60. Kg3 Kg6 61. Rc8 Ra5 62. Kg4 Ra4+ 63. Kg3 g4 64. Rc6+ Kf5 65. Rc5+
1/2-1/2

[Event "España ch Sub-16 2008"]
[Site "Padron ESP"]
[Date "2008.07.23"]
[Round "7.31"]
[White "Ladron De Guevara Pinto, Paolo"]
[Black "Jimenez Fernandez, Alejandro"]
[Result "1-0"]
[PlyCount "85"]
[EventDate "2008.07.20"]
[EventType "swiss"]
[EventRounds "9"]
[EventCountry "ESP"]
[Source "lmi"]
[SourceDate "2008.07.20"]
[WhiteElo "1915"]
[BlackElo "1971"]

1. e4 c6 2. d4 d5 3. f3 dxe4 4. fxe4 e5 5. Nf3 exd4 6. Bc4 Be7 7. O-O Be6 8.
Bxe6 fxe6 9. Nxd4 Nf6 10. Nxe6 Qxd1 11. Rxd1 Na6 12. Nc3 Kf7 13. Ng5+ Kg6 14.
h3 Nb4 15. Nf3 Bc5+ 16. Kh2 Rhe8 17. e5 Nfd5 18. Nxd5 Nxd5 19. c4 Nb6 20. b3
Rad8 21. Bb2 Nd7 22. Rd3 Nf8 23. Rad1 Ne6 24. Rd7 h6 25. Kg3 a6 26. R1d3 Bb6
27. R3d6 Rxd7 28. Rxd7 Nc5 29. Rd6+ Kf7 30. b4 Ne4+ 31. Kf4 Nxd6 32. exd6 c5
33. a3 Rd8 34. Ke5 Ba7 35. Kd5 Ke8 36. bxc5 Rc8 37. Bd4 Bb8 38. Bxg7 h5 39. Ne5
Rd8 40. Bf6 Rd7 41. Nxd7 Kxd7 42. g4 hxg4 43. hxg4 1-0

[Event "España ch Sub-16 2008"]
[Site "Padron ESP"]
[Date "2008.07.23"]
[Round "7.32"]
[White "Vila Gonzalez, Daniel"]
[Black "Bascunada Gonzalez, Sergio"]
[Result "0-1"]
[PlyCount "136"]
[EventDate "2008.07.20"]
[EventType "swiss"]
[EventRounds "9"]
[EventCountry "ESP"]
[Source "lmi"]
[SourceDate "2008.07.20"]
[WhiteElo "2039"]
[BlackElo "1645"]

1. e4 e5 2. Nf3 Nf6 3. Nxe5 d6 4. Nf3 Nxe4 5. Nc3 Nxc3 6. dxc3 Be7 7. Bd3 Nc6
8. Bf4 Be6 9. Qd2 a6 10. a4 Qd7 11. b4 Bf6 12. O-O O-O 13. Ng5 Bxg5 14. Bxg5
Ne5 15. Be2 Bc4 16. f4 Bxe2 17. Qxe2 Nc6 18. Rf3 Rfe8 19. Qf2 Qe6 20. Qg3 f5
21. Raf1 Qg6 22. Qf2 Qe6 23. Rh3 h6 24. Bh4 Qf7 25. Qf3 Re4 26. Bf2 Rae8 27.
Rg3 Ne7 28. Bd4 Ng6 29. Qd1 R8e7 30. a5 Qe6 31. Rgf3 Re2 32. Qd3 Qe4 33. Rg3
Nxf4 34. Qxe4 R2xe4 35. Rgf3 Ne2+ 36. Kh1 Nxd4 37. cxd4 g6 38. c3 Re1 39. h3
Rxf1+ 40. Rxf1 Re3 41. Rc1 Kf7 42. Kg1 Ke6 43. Kf2 f4 44. c4 Rb3 45. Re1+ Kf7
46. Re4 g5 47. d5 Rxb4 48. Re6 Rxc4 49. Rxh6 Rc5 50. Kf3 Rxa5 51. Rh7+ Kf6 52.
Rxc7 b5 53. Rb7 Ra4 54. Rb6 Ke5 55. Kg4 f3+ 56. Kxf3 Kxd5 57. Rb8 Rf4+ 58. Ke3
b4 59. Rb6 Re4+ 60. Kd3 Rd4+ 61. Ke3 Kc4 62. Rxa6 Rd3+ 63. Ke2 Rd5 64. Rc6+ Kb5
65. Rc8 b3 66. g3 Kb4 67. Rc6 b2 68. h4 b1=Q 0-1

[Event "España ch Sub-16 2008"]
[Site "Padron ESP"]
[Date "2008.07.24"]
[Round "7.33"]
[White "Castillo Sanjuan, Alejandro"]
[Black "Colon Garcia, Enrique"]
[Result "0-1"]
[WhiteElo "1915"]
[BlackElo "2118"]
[PlyCount "62"]
[EventDate "2008.07.20"]
[EventType "swiss"]
[EventRounds "9"]
[EventCountry "ESP"]
[Source "lmi"]
[SourceDate "2008.07.20"]

1. d4 Nf6 2. Nf3 e6 3. c4 b6 4. Nc3 Bb4 5. Bg5 h6 6. Bh4 g5 7. Bg3 Ne4 8. Qc2
Bb7 9. e3 d6 10. Bd3 Bxc3+ 11. bxc3 Nxg3 12. hxg3 Nd7 13. Be4 c6 14. Qa4 g4 15.
Nh4 Qc7 16. O-O O-O 17. Rad1 b5 18. cxb5 cxb5 19. Qc2 Nf6 20. Bxb7 Qxb7 21. Rb1
Qd5 22. a4 a6 23. axb5 axb5 24. Rb2 Rfc8 25. Ng6 Ra7 26. Nf4 Qc4 27. Rc1 Ra3
28. Qe2 Rxc3 29. Rxc3 Qxc3 30. Rxb5 Qa1+ 31. Qf1 Rc1 0-1

[Event "España ch Sub-16 2008"]
[Site "Padron ESP"]
[Date "2008.07.24"]
[Round "7.34"]
[White "Castellanos Mendoza, David"]
[Black "Perera Borrego, Mariela"]
[Result "0-1"]
[WhiteElo "2073"]
[BlackElo "1889"]
[PlyCount "54"]
[EventDate "2008.07.20"]
[EventType "swiss"]
[EventRounds "9"]
[EventCountry "ESP"]
[Source "lmi"]
[SourceDate "2008.07.20"]

1. e4 d6 2. d4 Nf6 3. f3 e5 4. d5 Be7 5. Ne2 c6 6. c4 a5 7. Nbc3 O-O 8. Be3 Na6
9. g4 Nd7 10. Ng3 Ndc5 11. Qd2 Rb8 12. g5 f5 13. gxf6 Bxf6 14. Rg1 Bh4 15. Be2
Bh3 16. O-O-O Rf6 17. Nh5 Rg6 18. f4 Be7 19. f5 Rxg1 20. Rxg1 Bf8 21. Bh6 Qh4
22. Bxg7 Kf7 23. Bxf8 Rxf8 24. Qh6 Ke7 25. f6+ Rxf6 26. Nxf6 Qxh6+ 27. Kb1 Qxf6
0-1

[Event "España ch Sub-16 2008"]
[Site "Padron ESP"]
[Date "2008.07.24"]
[Round "7.35"]
[White "Pozueta Alegria, Adrian"]
[Black "Etxagibel Larranaga, Asier"]
[Result "1-0"]
[WhiteElo "2016"]
[BlackElo "1887"]
[PlyCount "67"]
[EventDate "2008.07.20"]
[EventType "swiss"]
[EventRounds "9"]
[EventCountry "ESP"]
[Source "lmi"]
[SourceDate "2008.07.20"]

1. e4 c5 2. Nc3 Nc6 3. g3 g6 4. Bg2 Bg7 5. d3 d6 6. f4 Nf6 7. h3 O-O 8. Nf3 Rb8
9. Be3 b5 10. Qd2 b4 11. Nd1 Ba6 12. O-O c4 13. g4 cxd3 14. cxd3 Nd7 15. Nf2
Nc5 16. Rac1 Qa5 17. d4 Bxf1 18. Bxf1 Nxd4 19. Nxd4 Qxa2 20. Bc4 Qa4 21. f5 Qe8
22. Nf3 a5 23. Ng5 Nd7 24. Nd3 Nf6 25. Nf4 Bh6 26. Nxg6 Bxg5 27. Bxg5 hxg6 28.
fxg6 Nxe4 29. Qd5 e6 30. Qxe4 d5 31. Qe5 fxg6 32. Bh6 Qe7 33. Bd3 Qh4 34. Qg7#
1-0

[Event "España ch Sub-16 2008"]
[Site "Padron ESP"]
[Date "2008.07.24"]
[Round "7.36"]
[White "Dosuna Aguilar, Endika"]
[Black "Arregui Untoria, Carlos"]
[Result "0-1"]
[WhiteElo "1802"]
[BlackElo "2012"]
[PlyCount "64"]
[EventDate "2008.07.20"]
[EventType "swiss"]
[EventRounds "9"]
[EventCountry "ESP"]
[Source "lmi"]
[SourceDate "2008.07.20"]

1. e4 c5 2. Nf3 d6 3. d4 Nf6 4. Nc3 cxd4 5. Nxd4 a6 6. f3 e5 7. Nb3 Be6 8. Be3
h5 9. Qd2 Nbd7 10. O-O-O Rc8 11. Kb1 Qc7 12. Bd3 b5 13. h3 b4 14. Ne2 h4 15. f4
a5 16. f5 Bc4 17. Bxc4 Qxc4 18. Qd3 Qxe4 19. Qxe4 Nxe4 20. Nxa5 Be7 21. Rhg1
Ndf6 22. Nb3 Rh5 23. Rgf1 d5 24. Nd2 d4 25. Nxe4 Nxe4 26. Bc1 Bg5 27. Bxg5 Rxg5
28. Ng1 Rxg2 29. Nf3 Rcxc2 30. Rfe1 Rxb2+ 31. Ka1 Rxa2+ 32. Kb1 Nc3+ 0-1

[Event "España ch Sub-16 2008"]
[Site "Padron ESP"]
[Date "2008.07.24"]
[Round "7.37"]
[White "Bujosa Ribas, Joan"]
[Black "Arce Calva, Elvira"]
[Result "0-1"]
[WhiteElo "2012"]
[BlackElo "1876"]
[PlyCount "98"]
[EventDate "2008.07.20"]
[EventType "swiss"]
[EventRounds "9"]
[EventCountry "ESP"]
[Source "lmi"]
[SourceDate "2008.07.20"]

1. e4 d5 2. exd5 Qxd5 3. Nc3 Qd8 4. d4 Nf6 5. Bc4 Bg4 6. f3 Bf5 7. Nge2 e6 8.
O-O Be7 9. Be3 c6 10. Ng3 Bg6 11. Nge4 Nbd7 12. a4 O-O 13. Qe2 Nd5 14. Bf2 N7f6
15. Nxf6+ Bxf6 16. Ne4 Be7 17. c3 a5 18. Bg3 Qb6 19. Rad1 Rfd8 20. Ba2 Rac8 21.
c4 Nf6 22. c5 Qa7 23. Nd6 Bxd6 24. Bxd6 Nd5 25. Bb1 b6 26. Bxg6 hxg6 27. Kh1
Rd7 28. f4 bxc5 29. dxc5 Rb7 30. Rd3 Qa6 31. Rfd1 Qc4 32. Qf2 Qxa4 33. Rf1 Qc4
34. Ra3 Rxb2 35. Qe1 Ra8 36. Ra1 a4 37. Rc1 Qe2 38. Qg3 Rb3 39. Qh4 Ne3 40. Rg1
a3 41. Ra1 Qd2 42. Be5 a2 43. Qe1 Qd3 44. Qf2 Rba3 45. Qb2 Nc4 46. Qd4 Nxe5 47.
Qxe5 Rb3 48. Rgd1 Rb1 49. Qe1 Rxd1 0-1

[Event "España ch Sub-16 2008"]
[Site "Padron ESP"]
[Date "2008.07.24"]
[Round "7.38"]
[White "Cruz Lledo, Pablo"]
[Black "Perez Castellano, Susana"]
[Result "1-0"]
[WhiteElo "2008"]
[BlackElo "1857"]
[PlyCount "75"]
[EventDate "2008.07.20"]
[EventType "swiss"]
[EventRounds "9"]
[EventCountry "ESP"]
[Source "lmi"]
[SourceDate "2008.07.20"]

1. d4 Nf6 2. c4 c5 3. d5 b5 4. Nf3 bxc4 5. Nc3 d6 6. e4 g6 7. Bxc4 Bg7 8. O-O
O-O 9. h3 Nbd7 10. Re1 Nb6 11. Bf1 Bb7 12. a4 a5 13. Qc2 Ba6 14. Nb5 Qd7 15.
Bd2 Bb7 16. Bc3 Rfb8 17. Qd2 Ba6 18. b3 Qd8 19. Ra2 Bxb5 20. Bxb5 Nc8 21. Nh2
Ne8 22. Bxg7 Nxg7 23. Ng4 Nb6 24. f4 Ne8 25. Qc3 Nf6 26. Nf2 Qc7 27. g4 Nfd7
28. g5 f6 29. Ng4 Rf8 30. Bc6 Rad8 31. Qxa5 Nb8 32. Bb5 Nxd5 33. Qd2 Nb4 34.
Raa1 N8c6 35. Rac1 Nd4 36. Qxd4 Na2 37. Rc2 Qb6 38. Qd5+ 1-0

[Event "España ch Sub-16 2008"]
[Site "Padron ESP"]
[Date "2008.07.24"]
[Round "7.39"]
[White "Gomez Dominguez, Xavier"]
[Black "Martinez Vecillas, Javier"]
[Result "1-0"]
[WhiteElo "1977"]
[BlackElo "1851"]
[PlyCount "71"]
[EventDate "2008.07.20"]
[EventType "swiss"]
[EventRounds "9"]
[EventCountry "ESP"]
[Source "lmi"]
[SourceDate "2008.07.20"]

1. e4 Nc6 2. Nf3 d6 3. Bc4 Bg4 4. Bxf7+ Kxf7 5. Ng5+ Ke8 6. Qxg4 Ne5 7. Qe2 Qd7
8. d4 Nf7 9. Nxf7 Kxf7 10. Nc3 e6 11. Be3 Be7 12. f4 Nf6 13. e5 Nd5 14. Nxd5
exd5 15. f5 Ke8 16. O-O dxe5 17. dxe5 Kd8 18. f6 gxf6 19. exf6 Bd6 20. Rae1 c6
21. Qf3 Kc7 22. Bf4 Rae8 23. Rxe8 Rxe8 24. f7 Rf8 25. Bh6 Qe6 26. Bxf8 Bxf8 27.
Qf4+ Kc8 28. Qf5 Kd7 29. Qxe6+ Kxe6 30. g4 c5 31. Rf5 b5 32. Kf1 a6 33. Ke2 d4
34. b3 h5 35. Rxh5 Kxf7 36. Rf5+ 1-0

[Event "España ch Sub-16 2008"]
[Site "Padron ESP"]
[Date "2008.07.24"]
[Round "7.40"]
[White "Perez Cuadrado Robles, Alejandro"]
[Black "Conejero Sanchez, Alvaro"]
[Result "1/2-1/2"]
[WhiteElo "1885"]
[BlackElo "1975"]
[PlyCount "129"]
[EventDate "2008.07.20"]
[EventType "swiss"]
[EventRounds "9"]
[EventCountry "ESP"]
[Source "lmi"]
[SourceDate "2008.07.20"]

1. e4 e6 2. d4 d5 3. exd5 exd5 4. Nf3 Bd6 5. c4 c6 6. Nc3 Nf6 7. Bd3 dxc4 8.
Bxc4 O-O 9. O-O Bg4 10. Bg5 Nbd7 11. d5 Qc7 12. h3 Bh5 13. Rc1 Bf4 14. Bxf4
Qxf4 15. Ne2 Bxf3 16. Nxf4 Bxd1 17. Rfxd1 c5 18. d6 Rfd8 19. Re1 Re8 20. Nd5
Rad8 21. Re7 Rf8 22. Nxf6+ Nxf6 23. Rd1 Ne8 24. d7 Nf6 25. Bb3 g6 26. a4 Kg7
27. a5 b6 28. Ba4 bxa5 29. Rde1 c4 30. R1e5 h5 31. Rxa5 Ng8 32. Re8 Nf6 33.
Rae5 Nxd7 34. Rxd8 Rxd8 35. Rd5 Nb6 36. Rxd8 Nxa4 37. Rb8 Nc5 38. Rc8 Nd3 39.
Rxc4 Nxb2 40. Rb4 Nd3 41. Ra4 f5 42. Rxa7+ Kf6 43. g3 f4 44. Kg2 fxg3 45. fxg3
Ne5 46. Kf2 Kf5 47. Ra4 Nd3+ 48. Ke3 Ne5 49. Ra5 Kf6 50. Ke4 Nc4 51. Ra6+ Kf7
52. Kf4 Nd2 53. Rd6 Nc4 54. Rc6 Nd2 55. Rd6 Nc4 56. Rd4 Na5 57. Kg5 Nc6 58. Re4
Nd8 59. Re1 Nc6 60. Re4 Nd8 61. Rf4+ Kg7 62. Rf6 Nf7+ 63. Rxf7+ Kxf7 64. h4 Kg7
65. g4 1/2-1/2

[Event "España ch Sub-16 2008"]
[Site "Padron ESP"]
[Date "2008.07.24"]
[Round "7.41"]
[White "Rivas Crespo, Alexander"]
[Black "Gallego Martin, Miguel"]
[Result "0-1"]
[WhiteElo "1961"]
[BlackElo "1848"]
[PlyCount "66"]
[EventDate "2008.07.20"]
[EventType "swiss"]
[EventRounds "9"]
[EventCountry "ESP"]
[Source "lmi"]
[SourceDate "2008.07.20"]

1. e4 c5 2. Nf3 e6 3. d4 cxd4 4. Nxd4 Nf6 5. Nc3 Nc6 6. Be2 Bb4 7. Nxc6 bxc6 8.
Bd3 d5 9. exd5 cxd5 10. O-O O-O 11. Bf4 Re8 12. Bg5 Be7 13. Re1 Rb8 14. Rb1 d4
15. Nb5 Qa5 16. Bd2 Qb6 17. Bf4 Rb7 18. Nxd4 Bc5 19. Be3 Nd5 20. c3 Nxe3 21.
fxe3 e5 22. Nc2 Rd7 23. Qe2 Red8 24. Red1 Bb7 25. b4 Be7 26. Bc4 Bg5 27. Kh1
Qc6 28. Ne1 Rxd1 29. Rxd1 Rxd1 30. Qxd1 Qxc4 31. Nf3 Bxf3 32. Qxf3 e4 33. Qf5
Bxe3 0-1

[Event "España ch Sub-16 2008"]
[Site "Padron ESP"]
[Date "2008.07.24"]
[Round "7.42"]
[White "Lopez Garrido, Daniel"]
[Black "Pardo Simon, Leticia"]
[Result "1-0"]
[WhiteElo "1953"]
[BlackElo "1809"]
[PlyCount "137"]
[EventDate "2008.07.20"]
[EventType "swiss"]
[EventRounds "9"]
[EventCountry "ESP"]
[Source "lmi"]
[SourceDate "2008.07.20"]

1. e4 d5 2. exd5 Qxd5 3. Nc3 Qa5 4. d4 c6 5. Nf3 Nf6 6. Bc4 Bf5 7. Bd2 e6 8.
Nd5 Qd8 9. Nxf6+ Qxf6 10. Qe2 Nd7 11. O-O-O Bd6 12. h3 h6 13. Bd3 g5 14. Bxf5
Qxf5 15. Rhe1 O-O-O 16. Qe4 Qxe4 17. Rxe4 Nf6 18. Re2 Nd5 19. Ne5 Bxe5 20. dxe5
Ne7 21. g4 Ng6 22. Bc3 Nf4 23. Re3 Nd5 24. Rf3 Nxc3 25. Rxc3 Rd7 26. Re1 h5 27.
gxh5 Rxh5 28. Ree3 Rd5 29. Rcd3 Kd7 30. Kd2 Ke7 31. Rxd5 exd5 32. Ra3 a6 33.
Rb3 b5 34. Ra3 g4 35. hxg4 Rxe5 36. Rxa6 Kd6 37. Kd3 Re4 38. Ra7 f6 39. c3 Rf4
40. Ra8 Ke7 41. Rg8 Kf7 42. Rd8 Ke7 43. Rg8 Kf7 44. Rc8 Rc4 45. Ke3 Re4+ 46.
Kf3 Rc4 47. Kg3 Ke7 48. f3 Ra4 49. Rxc6 Rxa2 50. b4 Rc2 51. Rc5 Ke6 52. f4 Rc1
53. Kf2 Rc2+ 54. Ke3 Rg2 55. Kf3 Rd2 56. Ke3 Rg2 57. Rc6+ Ke7 58. Kf3 Rd2 59.
g5 fxg5 60. fxg5 Rc2 61. Ke3 Rg2 62. Kf4 Rc2 63. Ke5 Rg2 64. g6 Rg5+ 65. Kd4
Kd7 66. Rb6 Ke7 67. Rxb5 Rg4+ 68. Kxd5 Rg5+ 69. Kc4 1-0

[Event "España ch Sub-16 2008"]
[Site "Padron ESP"]
[Date "2008.07.24"]
[Round "7.43"]
[White "Alshameary Puente, Ismael"]
[Black "Diaz Diaz, Herena"]
[Result "1-0"]
[WhiteElo "1951"]
[BlackElo "1806"]
[PlyCount "78"]
[EventDate "2008.07.20"]
[EventType "swiss"]
[EventRounds "9"]
[EventCountry "ESP"]
[Source "lmi"]
[SourceDate "2008.07.20"]

1. e4 c5 2. Nc3 e6 3. f4 d5 4. e5 Nc6 5. Nf3 Nge7 6. g3 Nf5 7. Bg2 Be7 8. O-O
h5 9. Bh3 g6 10. Ne2 d4 11. d3 Nb4 12. a3 Nd5 13. Bxf5 gxf5 14. c4 Nc7 15. b4
b6 16. bxc5 bxc5 17. Rb1 h4 18. Bd2 Bd7 19. Ba5 Bc6 20. Kf2 hxg3+ 21. hxg3 Kd7
22. Qc2 Qg8 23. Rh1 Qg4 24. Nh2 Qh5 25. Rbc1 Rh7 26. Ke1 Rah8 27. Nf3 Qg4 28.
Rxh7 Rxh7 29. Nfg1 Rh2 30. Qb2 Qxg3+ 31. Nxg3 Rxb2 32. N1e2 Ra2 33. Bxc7 Kxc7
34. Kf2 Bh4 35. Rg1 Rxa3 36. Rd1 Ra2 37. Kf1 Bf3 38. Rb1 Bc6 39. Kg1 Bxg3 1-0

[Event "España ch Sub-16 2008"]
[Site "Padron ESP"]
[Date "2008.07.24"]
[Round "7.44"]
[White "Palomo Teruel, Xavier"]
[Black "Garro Beraza, Julen"]
[Result "1-0"]
[WhiteElo "1931"]
[BlackElo "1793"]
[PlyCount "51"]
[EventDate "2008.07.20"]
[EventType "swiss"]
[EventRounds "9"]
[EventCountry "ESP"]
[Source "lmi"]
[SourceDate "2008.07.20"]

1. d4 Nf6 2. c4 g6 3. Nc3 Bg7 4. e4 d6 5. f4 O-O 6. Nf3 c5 7. d5 e6 8. Be2 exd5
9. cxd5 Re8 10. Nd2 a6 11. a4 b6 12. O-O h5 13. h3 Nh7 14. Bf3 Ra7 15. Nc4 Rae7
16. Re1 f6 17. Be3 Qc7 18. f5 gxf5 19. Bxh5 Rd8 20. exf5 Bxf5 21. Bf4 Rxe1+ 22.
Qxe1 Ng5 23. Qg3 Ne4 24. Nxe4 Bxe4 25. Nxd6 Bxd5 26. Ne8 1-0

[Event "España ch Sub-16 2008"]
[Site "Padron ESP"]
[Date "2008.07.24"]
[Round "7.45"]
[White "Millan Soto, Miguel"]
[Black "Navarro Molina, David"]
[Result "0-1"]
[WhiteElo "1926"]
[BlackElo "1723"]
[PlyCount "56"]
[EventDate "2008.07.20"]
[EventType "swiss"]
[EventRounds "9"]
[EventCountry "ESP"]
[Source "lmi"]
[SourceDate "2008.07.20"]

1. d4 Nf6 2. Nf3 e6 3. Bg5 c5 4. c3 b6 5. e4 h6 6. Bxf6 Qxf6 7. Nbd2 Bb7 8. Bd3
Nc6 9. e5 Qd8 10. a3 d6 11. dxc5 dxc5 12. Qe2 Qc7 13. b4 Rd8 14. b5 Rxd3 15.
Qxd3 Nxe5 16. Qe2 Bd6 17. Ne4 Nxf3+ 18. Qxf3 Be5 19. Rc1 f5 20. Qh5+ Qf7 21.
Qxf7+ Kxf7 22. Ng3 Bxg2 23. Rg1 Bf3 24. Nf1 Rd8 25. Nd2 Bf4 26. Rc2 Bg4 27. h4
Rd3 28. Rh1 Be5 0-1